000 00598nam a22002177a 4500
003 OSt
005 20250424183939.0
008 250424b |||||||| |||| 00| 0 eng d
020 _a9780195776904
040 _cOxford
050 _aKBP275
_b.I36 1997
100 _aWinkel, Eric
245 _aIslam and the Living Law :
_bThe IBN AL-ARABI Approach
260 _aOxford :
_bOxford University Press
_cc1997
300 _axi, 115pp
_c24cm
490 _3Islamic Law
500 _aIncludes index of Quranic Quotations, index
600 _2Islamic Law
856 _3Islamic Law
942 _2lcc
_cBK
_n0
999 _c5536
_d5536